| 000 | 00360nam a22001457a 4500 | ||
|---|---|---|---|
| 005 | 20251007153437.0 | ||
| 008 | 250930b |||||||| |||| 00| 0 eng d | ||
| 020 | _a978-93-48189-37-0 | ||
| 041 | _aeng | ||
| 100 |
_aCHATURVEDI, YATINDRA NATH _98711 |
||
| 245 | _aTULASI SHESH | ||
| 260 |
_aUTTAR PRADESH _bAKSHAR PLANT _c2024 |
||
| 300 | _a120;P | ||
| 942 | _cBK | ||
| 999 |
_c8874 _d8872 |
||